Kultúrnopolitický kalendár 1988

Na minha lista:
Detalhes bibliográficos
Formato: Livro
Idioma:eslovaco
Publicado em: Bratislava Obzor 1987
Tags: Adicionar Tag
Sem tags, seja o primeiro a adicionar uma tag!

MARC

LEADER 00000nam a2200000 4500
001 c023903
005 20240729123241.2
041 0 |a slo 
044 |a SK 
245 1 0 |a Kultúrnopolitický kalendár 1988 
264 1 |a Bratislava  |b Obzor  |c 1987 
300 |a 446 s.